Geography Quiz

Random Geography or State Quiz

Million Cities Minefield: US States Quiz Stats

 Plays Quiz Updated Apr 10, 2018

Challenge
Share
Tweet
Embed
Score 0/7 Timer 02:00
2 Plays Today
# State % Correct
3???
93.1%
1???
88.2%
3???
80.1%
1???
62%
1???
43.3%
1???
37.4%
MINE:???
29.5%

You're not logged in!

Compare scores with friends on all Sporcle quizzes.
OR
Log In

You Might Also Like...

Show Comments

Extras

Top Quizzes Today


Score Distribution

Your Account Isn't Verified!

In order to create a playlist on Sporcle, you need to verify the email address you used during registration. Go to your Sporcle Settings to finish the process.

Report this User

Report this user for behavior that violates our Community Guidelines.

Details: